00651nam a22001697a 450000500170000001000150001702000260003203500140005803700130007208200120008510000230009724501140012026000520023427001030028630000420038970000500043120180118151524.0 aENG-122113 a9789352601585c675.00 aEN-105645 bDBAD/PUB a620.103 aBeer, Ferdinand P. aVector mechanics for engineers statics /cby Ferdinand P. Beer, E. Russell Johnston, Jr. and David F. Mazurek aTamil NadubMcGraw Hill Education (India)c2018 a444/1, Sri Ekambara Naicker Industrial Estate, Alapakkam, Porur, Chennai-600116, Tamil Nadu, India axvii, various pages.c25cm(pbk)bill. dE. Russell Johnston, Jr. and David F. Mazurek